000 00617nam a2200217Ii 4500
003 JO-AjNU
008 230606s9999||||xx |||||||||||||| ||und||
020 _a978-81-89612-99-9
040 _aJO-AjNU
_beng
_erda
_cJO-AjNU
041 _aeng
050 1 4 _aPN86.2017
100 3 _aFREDERICK, SAMUEL ,
_eauthor
_96047
245 0 0 _aLITERARY CRITICISM THEORY & PRACTICE
250 _a1 ed
264 3 1 _aNEW DELHI-INDIA: OMEGA PUBLICATIONS, 2017
300 _a262p
336 _atext
_btxt
_2rdacontent
337 _aunmediated
_bn
_2rdamedia
338 _avolume
_bnc
_2rdacarrier
650 4 _aEnglish language
_96048
999 _aE3137
_c3134
_d3134